Modern physics

Αποθηκεύτηκε σε:
Λεπτομέρειες βιβλιογραφικής εγγραφής
Κύριος συγγραφέας: Blatt, Frank J.
Μορφή: Βιβλίο
Γλώσσα:English
Δημοσίευση: New York ; St. Louis : McGraw-Hill, c1992.
Θέματα:
Ετικέτες: Προσθήκη ετικέτας
Δεν υπάρχουν, Καταχωρήστε ετικέτα πρώτοι!

MARC

LEADER 00000cam a2200000 i 4500
001 1/1512
008 000417s1992 nyu| ||| |||| ||eng||
020 |a 0070058776 
035 |l 10060045 
040 |a GR-MyUa  |b gre  |e AACR2 
041 0 |a eng 
082 7 |a 530   |2 (22) 
100 1 |a Blatt, Frank J. 
245 1 0 |a Modern physics /   |c Frank J. Blatt. 
260 |a New York ;   |a St. Louis :   |b McGraw-Hill,   |c c1992. 
300 |a xix, 517 σ. :   |b εικ. ;   |c 27 εκ. 
504 |a Περιλαμβάνει βιβλιογραφικές παραπομπές και ευρετήριο. 
650 0 0 |a Physics. 
852 |a INST  |b SAMOS  |e 20000417  |h 530 BLA  |p 005300017680  |q 005300017680  |t BK  |y 0 
901 |a BIBL3-2000-2 
922 |a 3ΕΛΗ  |b 200003  |c ΚΠΣ  |d ΠΑΠΑΣΩΤΗΡΙΟΥ 
950 |a 116-1999-12-30 
970 |a ΓΕΝΟΥΖΟΥ  |b ΧΡΥΣΑΝΘΗ  |z 2000/05/10